十五少年漂流記

資料類型: Book 圖書   書目號:32870

Leader xxxxxxxxxx
001 __ 84140850
005 __ 19951019175345.0
008 __                                    chi  
010 0_ |a957-558-383-3|b平裝|d新臺幣120元
100 __ |a19950724d1992    d  y0chiy0109    e.
101 0_ |achi.
102 __ |acw.
105 __ |aa   z   000yy.
200 1_ |a十五少年漂流記|e|f維納裘爾原著|g施大力改寫.
205 __ |a初版.
210 __ |a臺南市|c大千文化|d民81[1992]
215 0_ |a252面|c|d22公分.
225 2_ |a世界文學注音版全集|v25.
260 1_ |a1992.
300 __ |a
302 __ |a國語注音.
410 _1 |12001 |a世界文學注音版全集|v25.
681 __ |a859.6|b4607.
700 _1 |a維納|b|4原著.
702 _1 |a|b大力|4改寫.
801 _0 |acw|bPTL|c19950724.
801 _1 |acw|b鎧鈺|c19950724.
詳細館藏(共 1 筆)
索 書 號登 錄 號冊次號館別 / 館藏地流通類型狀態加入預約清單電子資源
859.6 / 8473 2013309 v25 圖書館 / 一樓普通區 可外借30天 在館   

| 條列資料




目錄查詢 分類查詢 個人資料 圖書薦購 新書查詢 閉館日 排行榜 更多電子資源 Hami書城 線上資料庫 登出

From : 216.73.216.116

  本日流通累計至 19:28:45 借閱 : 9 次 續借 : 0 次 歸還 : 10 次 預約 : 0 次 電子資源 : 0 次


內湖高中圖書館  PCLIS 版本  25.5.0.2